[Event "IEWCC"]
[Site "Istanbul TUR"]
[Date "2003.06.02"]
[Round "1"]
[White "Shukurova,M"]
[Black "Gaponenko,I"]
[Result "0-1"]
[WhiteElo "2250"]
[BlackElo "2417"]

1.e4 c5 2.c3 Nf6 3.e5 Nd5 4.d4 cxd4 5.Nf3 Nc6 6.Bc4 e6 7.cxd4 d6 8.O-O Be7
9.Qe2 O-O 10.Qe4 Kh8 11.Bd3 f5 12.exf6 Nxf6 13.Qe2 e5 14.dxe5 dxe5 15.Nc3 Qa5
16.Be3 e4 17.Nxe4 Nd5 18.Bd2  0-1

[Event "IEWCC"]
[Site "Istanbul TUR"]
[Date "2003.06.04"]
[Round "3"]
[White "Polovnikova,E"]
[Black "Cramling,P"]
[Result "1/2-1/2"]
[WhiteElo "2383"]
[BlackElo "2470"]

1.e4 c5 2.c3 Nf6 3.e5 Nd5 4.d4 cxd4 5.cxd4 d6 6.Nf3 e6 7.Bc4 Nb6 8.Bd3 dxe5
9.Nxe5 Nc6 10.Qf3 Nxe5 11.dxe5 Nd7 12.O-O Nxe5 13.Bb5+ Bd7 14.Qxb7 Qc8 15.Bxd7+ Nxd7
16.Qb5 Rb8 17.Qa4 Bc5 18.Qg4 Kf8 19.Nc3 Nf6 20.Qe2 h6 21.Bf4 Rb4 22.Be5 Qb7
23.Rad1 Be7 24.Rd2 Ne4 25.Nxe4 Qxe4 26.Rc1 Kg8 27.Rc7 Bg5 28.Rdc2 Qf5 29.f3 Kh7
30.Rxa7 Be3+ 31.Qxe3 Qxc2 32.Rxf7 Rg8 33.h3 Rb5 34.Kh2 Qg6 35.Re7 Ra5 36.a3 Rd5
37.Bf4 Re8 38.Rc7 Rf8 39.Be5 Rf7 40.Rxf7 Qxf7 41.f4 Qg6 42.Qg3 Rd3 43.Qxg6+ Kxg6
44.g4 Kf7 45.h4 g6 46.a4 h5 47.gxh5 gxh5 48.a5 Rd5 49.b4 Ke8 50.a6 Kd7 51.a7 Rd2+
52.Kg3 Rd3+ 53.Kf2 Ra3 54.Bd4 Kc6 55.Be3 Kb7 56.b5 Ra2+ 57.Kf3 Rh2 58.Kg3 Re2
59.Bf2 Rb2 60.b6 Rb3+ 61.Kg2 Rd3 62.Bc5 Rb3 63.Kf2 Rh3 64.Be7 Rb3 65.Bc5 Rh3
66.Be7  1/2-1/2

[Event "Golden Cleopatra"]
[Site "Cairo EGY"]
[Date "2003.06.05"]
[Round "5"]
[White "Rausis,I"]
[Black "Yasseen,A"]
[Result "1-0"]
[WhiteElo "2533"]
[BlackElo "2302"]

1.e4 c5 2.c3 Nf6 3.e5 Nd5 4.d4 cxd4 5.cxd4 d6 6.Nf3 e6 7.Bc4 Nb6 8.Bd3 Nc6
9.exd6 Bxd6 10.O-O Be7 11.Nc3 O-O 12.a3 Bf6 13.Be3 g6 14.Be4 Bd7 15.Qe2 Re8
16.Rad1 Qe7 17.Rfe1 Rac8 18.Bf4 a6 19.Ne5 Na5 20.Bxb7 Rxc3 21.Qxa6 Rc7 22.Nxg6 hxg6
23.Bxc7 Nxb7 24.Qxb6 Bc8 25.a4 Qd7 26.a5 Bd8 27.Rc1 Qd5 28.a6 Bxc7 29.Rxc7 Nd6
30.h3 Nc4 31.Qc6 Qxc6 32.Rxc6  1-0

[Event "Golden Cleopatra"]
[Site "Cairo EGY"]
[Date "2003.06.05"]
[Round "5"]
[White "Sobh,A"]
[Black "Hakki,I"]
[Result "1-0"]
[WhiteElo "2192"]
[BlackElo "2450"]

1.e4 c5 2.c3 Nf6 3.e5 Nd5 4.d4 cxd4 5.Qxd4 e6 6.Nf3 Nc6 7.Qe4 f5 8.exf6 Nxf6
9.Qh4 e5 10.Bb5 e4 11.Ng5 d5 12.O-O a6 13.Ba4 b5 14.Bb3 Ne5 15.Nd2 Ng6 16.Qg3 Bd6
17.f4 Bf5 18.Kh1 Qe7 19.Bd1 h6 20.Nh3 d4 21.Nb3 d3 22.Nd4 Qd7 23.Bb3 O-O-O
24.Be3 Ng4 25.a4 Nxe3 26.Qxe3 Bc5 27.axb5 Bxd4 28.cxd4 Qxd4 29.Qc1+ Kb8 30.Rxa6 Rd6
31.b6 Rxb6 32.Ra4 Rb4 33.Ra8+ Kb7 34.Bd5+ Qxd5 35.Ra7+ Kxa7 36.Qc7+  1-0

[Event "FSGM June"]
[Site "Budapest HUN"]
[Date "2003.06.07"]
[Round "1"]
[White "Blauert,J"]
[Black "Todorovic,GM"]
[Result "0-1"]
[WhiteElo "2364"]
[BlackElo "2459"]

1.e4 c5 2.c3 Nf6 3.e5 Nd5 4.d4 cxd4 5.Nf3 e6 6.Bc4 d6 7.cxd4 Nc6 8.O-O Be7
9.exd6 Qxd6 10.Nc3 O-O 11.Re1 h6 12.Bb3 Rd8 13.Nxd5 exd5 14.Ne5 Be6 15.Bf4 Qb4
16.Nxc6 bxc6 17.Qd3 Qb5 18.Qg3 Bf6 19.Rad1 Bf5 20.Bxh6 Re8 21.Re3 a5 22.Bg5 Bxg5
23.Rxe8+ Rxe8 24.Qxg5 Bg6 25.Qc1 a4 26.Bc2 Bxc2 27.Qxc2 Re2 28.Qf5 g6 29.Qc8+ Kg7
30.h4 Qxb2 31.Qxc6 Rxf2 32.Qxd5 Rf5 33.Qe4 Qxa2 34.Qe3 Rb5 35.Qe4 Rb3 36.Qd5 Ra3
37.Qe4  0-1

[Event "IEWCC"]
[Site "Istanbul TUR"]
[Date "2003.06.08"]
[Round "6"]
[White "Andersson,C"]
[Black "Nill,J"]
[Result "1-0"]
[WhiteElo "2142"]
[BlackElo "2271"]

1.e4 c5 2.c3 Nf6 3.e5 Nd5 4.d4 cxd4 5.Qxd4 e6 6.Nf3 Nc6 7.Qe4 d6 8.Bb5 Bd7
9.exd6 Bxd6 10.O-O Qc7 11.Nbd2 O-O-O 12.Nc4 f5 13.Nxd6+ Qxd6 14.Qd3 Qc7 15.Bg5 Rde8
16.c4 Ndb4 17.Qd2 a6 18.a3 axb5 19.axb4 bxc4 20.Ra8+ Nb8 21.Be3 b6 22.Rfa1 Bc6
23.R8a7 Bb7 24.Nd4 Rd8 25.Qc2 Rhe8 26.h3 g6 27.b5 e5 28.R1a4 c3 29.Ne2 f4
30.b3 fxe3 31.Rc4 Qxc4 32.bxc4 exf2+ 33.Kxf2 Rf8+ 34.Ke1 Bxg2 35.Ng3 Bf3
36.Qxc3 Rd1+ 37.Kf2 Bb7+ 38.Ke2 Bf3+ 39.Ke3 Bb7 40.Ne4 Rd4 41.Rxb7 Kxb7 42.c5 Rfd8
43.Nd6+ Kc7 44.Qa3 bxc5 45.Qxc5+ Kd7 46.Nc4 Ke6 47.Qxe5+ Kf7 48.Qc7+ Kf6
49.Ne5 h5 50.Nf3 R4d6 51.Qc3+ Kf5  1-0

[Event "IEWCC"]
[Site "Istanbul TUR"]
[Date "2003.06.08"]
[Round "6"]
[White "Richards,H"]
[Black "Bojkovic,N"]
[Result "0-1"]
[WhiteElo "2237"]
[BlackElo "2416"]

1.e4 c5 2.c3 Nf6 3.e5 Nd5 4.Nf3 Nc6 5.Bc4 Nb6 6.Bb3 g6 7.Ng5 c4 8.e6 dxe6
9.Bc2 Bg7 10.O-O Qd5 11.Nf3 e5 12.Qe2 Bf5 13.Bxf5 gxf5 14.Na3 e4 15.Ne1 Ne5
16.Nec2 Rc8 17.Ne3 Qd7 18.Qh5 e6 19.b3 O-O 20.Nac2 Rfd8 21.Nd4 f4 22.Nec2 Ng6
23.f3 exf3 24.Rxf3 Qd5 25.Qg4 Ne5 26.Qxf4 Nxf3+ 27.Nxf3 Qc5+ 28.Ne3 Nd5 29.Qg3 Nxe3
30.dxe3  0-1

[Event "IHEM"]
[Site "Hamburg GER"]
[Date "2003.06.09"]
[Round "3"]
[White "Engelbert,C"]
[Black "Rogozenko,D"]
[Result "0-1"]
[WhiteElo "2235"]
[BlackElo "2519"]

1.e4 c5 2.c3 Nf6 3.e5 Nd5 4.d4 cxd4 5.cxd4 d6 6.Nf3 e6 7.Bc4 Nc6 8.O-O Be7
9.Qe2 O-O 10.Qe4 Bd7 11.exd6 Bxd6 12.Bg5 Be7 13.Bxd5 exd5 14.Qxd5 Bxg5 15.Nxg5 Nb4
16.Qb3 Bb5 17.Rd1 Be2 18.Rd2 Qxg5 19.Qxb4 Bf3 20.g3 Rac8 21.Na3 a5  0-1

[Event "IV Open"]
[Site "Lido Estensi ITA"]
[Date "2003.06.09"]
[Round "3"]
[White "Di Lazzaro,G"]
[Black "Valenti,G"]
[Result "1-0"]
[WhiteElo "1996"]
[BlackElo "2226"]

1.e4 c5 2.c3 Nf6 3.e5 Nd5 4.d4 cxd4 5.Nf3 e6 6.cxd4 d6 7.Bc4 Nb6 8.Bd3 Nc6
9.O-O Nb4 10.Be2 dxe5 11.a3 e4 12.Ne5 Nc6 13.Nxc6 bxc6 14.Qc2 Bb7 15.Qxe4 Qd7
16.Bf3 Be7 17.Nc3 O-O 18.Rd1 Rac8 19.Bf4 Nd5 20.Nxd5 cxd5 21.Qd3 Rc4 22.b3 Rc6
23.Rdc1 Ba6 24.Qd1 Rfc8 25.Rxc6 Rxc6 26.Be2 Qb7 27.Bxa6 Qxa6 28.a4 h6 29.h3 Qb6
30.Rc1 Rxc1 31.Bxc1 Bf6 32.Be3 Qb4 33.g3 Qc3 34.Kf1 h5 35.h4 g6 36.Ke2 Kg7
37.Qd3 Qb2+ 38.Kf1 Qa1+ 39.Kg2 Qb2 40.Kf1 Qa1+ 41.Kg2 Bd8 42.Bd2 Bf6 43.Be3 Bd8
44.Bd2 Qd1 45.Bh6+  1-0

[Event "IEWCC"]
[Site "Istanbul TUR"]
[Date "2003.06.11"]
[Round "8"]
[White "Andersson,C"]
[Black "Galojan,L"]
[Result "0-1"]
[WhiteElo "2142"]
[BlackElo "2242"]

1.e4 c5 2.c3 Nf6 3.e5 Nd5 4.d4 cxd4 5.Qxd4 e6 6.Nf3 Nc6 7.Qe4 d6 8.Bb5 Bd7
9.c4 Nb6 10.exd6 Bxd6 11.O-O a6 12.Rd1 Qe7 13.Be3 Bc5 14.Rxd7 Nxd7 15.Bxc6 bxc6
16.Bf4 O-O 17.Nc3 Rac8 18.Ng5 Nf6 19.Qf3 h6 20.Nge4 Nxe4 21.Nxe4 e5 22.Bxh6 gxh6
23.Qf5 Rfd8 24.Qg4+ Kh7 25.Qf5+ Kg8 26.Qg4+ Kh8 27.Qf5 Bd4 28.Nf6 Kg7 29.Nh5+ Kf8
30.Nf6 Qe6 31.Qf3 Ke7 32.Ne4 Rg8 33.Ng3 Rcd8 34.Re1 Kf8 35.Qa3+ c5 36.Qa5 Rd7
37.b3 Rg6 38.Ne4 Kg7 39.Kf1 f5 40.Ng3 f4 41.Nh5+ Kh7 42.Nxf4 Qf5 43.Nh3 Rdg7
44.Qd8 Rxg2 45.Qh4 Qxh3 46.Qe4+ R2g6+  0-1

[Event "IEWCC"]
[Site "Istanbul TUR"]
[Date "2003.06.13"]
[Round "10"]
[White "Nagel,Y"]
[Black "Sasu Ducsoara,An"]
[Result "0-1"]
[WhiteElo "2068"]
[BlackElo "2193"]

1.e4 c5 2.c3 Nf6 3.e5 Nd5 4.d4 cxd4 5.cxd4 d6 6.Nf3 Nc6 7.Bc4 Nb6 8.Bb5 dxe5
9.Nxe5 Bd7 10.Nxc6 Bxc6 11.Bxc6+ bxc6 12.Nc3 g6 13.Bf4 Bg7 14.Ne2 Qd5 15.O-O O-O
16.Qd2 Rad8 17.Rfd1 Rfe8 18.Rac1 Qxa2 19.Ra1 Qb3 20.Ra3 Qd5 21.Rxa7 Nc4 22.Qc2 Nxb2
23.Rc7 Nxd1  0-1

[Event "IEWCC"]
[Site "Istanbul TUR"]
[Date "2003.06.14"]
[Round "11"]
[White "Kosintseva,N"]
[Black "Gaponenko,I"]
[Result "1-0"]
[WhiteElo "2417"]
[BlackElo "2417"]

1.e4 c5 2.c3 Nf6 3.e5 Nd5 4.Nf3 Nc6 5.d4 cxd4 6.cxd4 d6 7.Bc4 e6 8.O-O Be7
9.Qe2 O-O 10.Qe4 Kh8 11.exd6 Qxd6 12.Nc3 f5 13.Qe2 Nb6 14.Nb5 Qd7 15.Bf4 Bd8
16.Rfe1 Nxc4 17.Qxc4 a6 18.Nd6 Bc7 19.d5 Bxd6 20.dxc6 bxc6 21.Rad1  1-0

[Event "5th ZNG111 GM"]
[Site "Opatija CRO"]
[Date "2003.06.15"]
[Round "9"]
[White "Ljubicic,F"]
[Black "Fercec,N"]
[Result "1/2-1/2"]
[WhiteElo "2406"]
[BlackElo "2442"]

1.e4 c5 2.c3 Nf6 3.e5 Nd5 4.d4 cxd4 5.Nf3 e6 6.cxd4 b6 7.Bd3 Ba6 8.O-O Qc8
9.a3 Be7 10.Bg5 Bxd3 11.Qxd3 f6 12.exf6 gxf6 13.Bh6 Qa6 14.Qc2 Nc6 15.Nc3 Qc4
16.Be3 O-O 17.Nd2 Nxe3 18.fxe3 Qa6 19.d5 Ne5 20.dxe6 dxe6 21.Qb3 Qc8 22.Rac1 Kh8
23.Nb5 Bc5 24.Ne4 Qb7 25.Nxc5 bxc5 26.Nd4 Qxb3 27.Nxb3 c4 28.Nd4 Rae8 29.Nf3 Nxf3+
30.Rxf3 Rb8 31.Rc2 f5 32.e4 Kg7 33.Kf2 Kf6 34.exf5 exf5 35.g4 Kg5 36.gxf5 Rxf5
37.Rxf5+ Kxf5 38.Ke3 Ke5 39.Rxc4 Rxb2 40.Rc5+ Kd6 41.Ra5 Rxh2  1/2-1/2

[Event "LXVII ch-CRC"]
[Site "Cenfotec CRC"]
[Date "2003.06.16"]
[Round "4"]
[White "Granados,C"]
[Black "Gonzalez,Bernal"]
[Result "0-1"]
[WhiteElo "2253"]
[BlackElo "2420"]

1.e4 c5 2.c3 Nf6 3.e5 Nd5 4.d4 cxd4 5.Nf3 Nc6 6.Bc4 Nb6 7.Bb3 d5 8.exd6 Qxd6
9.O-O Be6 10.Na3 Bxb3 11.Qxb3 e6 12.Nb5 Qd7 13.Nbxd4 Nxd4 14.Nxd4 Bc5 15.Rd1 O-O
16.Bg5 e5 17.Nf3 Qf5 18.Bh4 e4 19.Nd4 Qh5 20.Bg3 Rad8 21.Qc2 Bxd4 22.Rxd4 Rxd4
23.cxd4 Qd5 24.Re1 Rc8 25.Qe2 Qxd4 26.h3 f5 27.Rd1 Qc4 28.Qxc4+ Rxc4 29.Rd8+ Kf7
30.Rb8 g5 31.Rxb7+ Ke6 32.Bb8 Nc8 33.Rc7 Rxc7 34.Bxc7 h6 35.Kf1 Ne7 36.Ke2 Nc6
37.f3 f4 38.fxe4 Kd7 39.Bxf4 gxf4 40.Kf3 Nb4 41.Kxf4 Nxa2 42.Kf5 Nb4 43.g4 Nd3
44.b3 a5 45.h4 Nc5 46.g5 hxg5 47.hxg5 Nxb3 48.g6 Ke7 49.e5 a4 50.e6 Nd4+
51.Ke5 Nxe6 52.g7  0-1

[Event "ch-Barents Region A"]
[Site "Alta NOR"]
[Date "2003.06.21"]
[Round "4"]
[White "Feoktistov,A"]
[Black "Agdestein,S"]
[Result "1/2-1/2"]
[WhiteElo "2414"]
[BlackElo "2571"]

1.e4 c5 2.c3 Nf6 3.e5 Nd5 4.d4 cxd4 5.cxd4 d6 6.Nf3 Nc6 7.Bc4 Nb6 8.Bb5 dxe5
9.Nxe5 Bd7 10.Nc3 e6 11.O-O Be7 12.Qf3 O-O 13.Nxc6 Bxc6 14.Bxc6 bxc6 15.Qxc6 Qxd4
16.Be3 Qc4 17.Qb7 Bf6 18.Bxb6 axb6 19.Rfc1 Bd4 20.b3 Qb4 21.Ne4 Qb5 22.Rc2 Rfb8
23.Qxf7+ Kxf7 24.Nd6+ Kf6 25.Nxb5 Bc5 26.Re1 e5 27.Kf1 Rd8 28.f3 Bb4 29.Re4 Rd1+
30.Ke2 Re1+ 31.Kf2 Rxe4 32.fxe4 Kg5 33.Nc7 Rf8+ 34.Ke2 Rf7 35.Ne6+ Kg4 36.Rc7 Rxc7
37.Nxc7 Bc5 38.Nd5 Bg1 39.h3+ Kg3 40.Kf1 Bd4 41.a4 g5 42.b4 g4 43.hxg4 Kxg4
44.Nf6+ Kf4 45.a5 bxa5 46.bxa5 h5 47.Nxh5+ Kxe4 48.Nf6+ Kd3 49.a6 Kc4 50.g4 e4
51.Ke2 Kb5 52.Nxe4 Kxa6 53.Kd3 Be5 54.g5 Kb5 55.Nf6 Bf4 56.g6 Bh6 57.Kd4 Bg7
58.Ke5 Kc4 59.Ke6 Kd3 60.Kf7 Bh8  1/2-1/2

[Event "TCh-BIH"]
[Site "Jahorina BIH"]
[Date "2003.06.22"]
[Round "3"]
[White "Privalov,Y"]
[Black "Fedorov,Alex"]
[Result "0-1"]
[WhiteElo "2400"]
[BlackElo "2604"]

1.e4 c5 2.c3 Nf6 3.e5 Nd5 4.d4 cxd4 5.Qxd4 e6 6.Nf3 Nc6 7.Qe4 f5 8.Qe2 d6
9.g3 Qc7 10.Bf4 Nxf4 11.gxf4 dxe5 12.fxe5 Be7 13.h4 O-O 14.Nbd2 b5 15.Bg2 Rb8
16.Kf1 b4 17.c4 Rd8 18.Rc1 Nd4 19.Nxd4 Rxd4 20.Nb3 Rf4 21.c5 Bxh4 22.Rxh4 Rxh4
23.c6 Kf7 24.Bf3 Rb6 25.Qe3 Rb5 26.Nc5 Qe7 27.Ke1 Rh3 28.c7 Rxc5 29.Rxc5 Rxf3  0-1

[Event "TCh-BIH"]
[Site "Jahorina BIH"]
[Date "2003.06.23"]
[Round "4"]
[White "Markovic,Miros"]
[Black "Cvitan,O"]
[Result "1/2-1/2"]
[WhiteElo "2504"]
[BlackElo "2551"]

1.e4 c5 2.c3 Nf6 3.d3 Nc6 4.Nf3 d6 5.Nbd2 e5 6.g3 g6 7.Bg2 Bg7 8.O-O O-O
9.a3 h6 10.b4 a6 11.Rb1 cxb4 12.cxb4 b5 13.Nb3 a5 14.Bd2 axb4 15.axb4 Be6
16.Na5 Qd7 17.Qc1 Rfc8 18.Qb2 Rc7 19.Rfc1 Rac8 20.Be3 Ne7 21.Rxc7 Rxc7 22.Rc1 Kh7
23.Bf1 Qc8 24.Be2 Ng4 25.Bd2 f5 26.Qb1 Nf6 27.Re1 Nd7 28.Bd1 Nb6 29.Bb3 fxe4
30.dxe4 Nc4 31.Bc1 Nc6 32.Nxc6 Rxc6 33.Qd3 Ra6 34.Nd2  1/2-1/2

[Event "zt 3.2a"]
[Site "Ho Chi Minh City VIE"]
[Date "2003.06.24"]
[Round "5"]
[White "Lim Yee Weng"]
[Black "Wong Zi Jing"]
[Result "1/2-1/2"]
[WhiteElo "2261"]
[BlackElo "2336"]

1.e4 c5 2.c3 Nf6 3.e5 Nd5 4.d4 cxd4 5.Nf3 Nc6 6.Bc4 Nb6 7.Bb3 d5 8.exd6 Qxd6
9.O-O Be6 10.Bxe6 Qxe6 11.Nxd4 Nxd4 12.Qxd4 Rd8 13.Qh4 h5 14.h3 Qc4  1/2-1/2

[Event "TCh-BIH"]
[Site "Jahorina BIH"]
[Date "2003.06.24"]
[Round "6"]
[White "Ristic,Nen"]
[Black "Kozul,Z"]
[Result "0-1"]
[WhiteElo "2480"]
[BlackElo "2601"]

1.e4 c5 2.c3 Nf6 3.e5 Nd5 4.d4 cxd4 5.Nf3 Nc6 6.Bc4 e6 7.cxd4 d6 8.O-O Be7
9.exd6 Qxd6 10.Nc3 O-O 11.Re1 a6 12.a3 Rd8 13.Bxd5 exd5 14.Ne5 Be6 15.Bf4 Nxe5
16.Bxe5 Qc6 17.Qd2 Rac8 18.Rac1 Qd7 19.Ne2 Rc4 20.Rc3 Rxc3 21.Qxc3 Rc8 22.Qg3 f6
23.Bf4 Bf8 24.Bd2 Bf7 25.h3 Qb5 26.Bc3 Re8 27.Qf3 h6 28.b4 Qc4 29.Bd2 b6
30.Kf1 Bg6 31.Rc1 Qd3 32.Qxd3 Bxd3 33.Be3 Bc4 34.Rc3 g5 35.g4 b5 36.Rc2 a5
37.Rb2 axb4 38.axb4 Ra8 39.Ke1 Ra1+ 40.Nc1 Ra4 41.Bd2 Ra3 42.Be3 Kf7 43.Ne2 Ra1+
44.Nc1 Ra4 45.Bd2 Ra3 46.Be3 Kg6 47.Kd2 Bd6 48.Ke1 f5 49.gxf5+ Kxf5 50.Ne2 h5
51.Rb1 h4 52.Rb2 g4 53.hxg4+ Kxg4 54.Kd2 h3  0-1

[Event "2nd It"]
[Site "Grenoble FRA"]
[Date "2003.06.25"]
[Round "7"]
[White "Leignel,N"]
[Black "Todorov,T"]
[Result "0-1"]
[WhiteElo "2139"]
[BlackElo "2470"]

1.e4 c5 2.c3 Nf6 3.e5 Nd5 4.d4 cxd4 5.Bc4 Qc7 6.Qe2 Nb6 7.Bd3 Nc6 8.Nf3 d5
9.exd6 Qxd6 10.Nxd4 Nxd4 11.cxd4 e6 12.Nc3 Be7 13.O-O Bd7 14.Nb5 Bxb5 15.Bxb5+ Kf8
16.Be3 Nd5 17.Rac1 h5 18.a3 g6 19.Rc2 Kg7 20.Rfc1 Bf6 21.Qf3 h4 22.h3 Rh5
23.Qe4 Nxe3  0-1

[Event "TCh-BIH"]
[Site "Jahorina BIH"]
[Date "2003.06.25"]
[Round "7"]
[White "Markovic,Miros"]
[Black "Perunovic,Mil"]
[Result "1/2-1/2"]
[WhiteElo "2504"]
[BlackElo "2479"]

1.e4 c5 2.c3 Nf6 3.d3 d6 4.g3 g6 5.Bg2 Bg7 6.Nf3 O-O 7.Qe2 Nc6 8.O-O e5 9.a3 a5
10.a4 h6 11.Na3 d5 12.exd5 Nxd5 13.Nd2 Be6 14.Nb5 Qe7 15.Nc4 Rad8 16.Bd2 Rd7
17.Rad1 Qd8 18.Bc1 Re8 19.Rfe1 f5 20.Qf1 Kh7 21.f4 Bg8 22.fxe5 Nxe5 23.Nxe5 Rxe5
24.Rxe5 Bxe5 25.Re1 Bg7 26.Qf2 Qf8 27.d4 cxd4 28.Nxd4 Re7 29.Rxe7 Qxe7 30.Nxf5 gxf5
31.Bxd5 Bxd5 32.Qxf5+ Kh8 33.Qxd5 Qe1+ 34.Kg2 Qxc1 35.Qd8+ Kh7 36.Qd3+  1/2-1/2

[Event "zt 3.2a w"]
[Site "Ho Chi Minh City VIE"]
[Date "2003.06.26"]
[Round "7"]
[White "Le Kieu Thien Kim"]
[Black "Nguyen Thi Thanh An"]
[Result "0-1"]
[WhiteElo "2303"]
[BlackElo "2339"]

1.e4 c5 2.c3 Nf6 3.e5 Nd5 4.d4 cxd4 5.cxd4 Nc6 6.Nc3 Nxc3 7.bxc3 d6 8.f4 d5
9.Bd3 g6 10.Ne2 Bg4 11.Qb3 Rb8 12.Ng3 h5 13.h3 Bc8 14.O-O h4 15.Ne2 Bf5 16.Bxf5 gxf5
17.c4 dxc4 18.Qxc4 e6 19.Rd1 Qb6 20.Be3 Nb4 21.Rab1 Qa6 22.Qxa6 Nxa6 23.d5 b6
24.d6 Kd7 25.Rd3 Rb7 26.a4 Bg7 27.a5 b5 28.Nd4 b4 29.Nf3 f6 30.exf6 Bxf6
31.Bd4 Bxd4+ 32.Rxd4 Rd8 33.Ne5+ Ke8 34.d7+ Kf8 35.Rc1 b3 36.Rc8 Rb8 37.Rxd8+ Rxd8
38.Nc6 b2 39.Nxd8 b1=Q+ 40.Kh2 Nc5 41.Nc6 Nxd7 42.Rxd7 Qe4  0-1

[Event "TCh-BIH"]
[Site "Jahorina BIH"]
[Date "2003.06.27"]
[Round "9"]
[White "Maksimenko,A"]
[Black "Ilincic,Z"]
[Result "1/2-1/2"]
[WhiteElo "2506"]
[BlackElo "2557"]

1.e4 c5 2.c3 Nf6 3.e5 Nd5 4.d4 cxd4 5.Nf3 Nc6 6.cxd4 d6 7.Bc4 Nb6 8.Bb5 dxe5
9.Nxe5 Bd7 10.Nxd7 Qxd7 11.Nc3 e6 12.O-O Be7 13.Qg4 O-O 14.Bxc6 bxc6 15.Bh6 Bf6
16.Rfd1 Kh8 17.Ne4  1/2-1/2

[Event "TCh-BIH"]
[Site "Jahorina BIH"]
[Date "2003.06.27"]
[Round "9"]
[White "Mehmedovic,M"]
[Black "Jakovljevic,Vlado"]
[Result "0-1"]
[WhiteElo "2262"]
[BlackElo "2375"]

1.e4 c5 2.c3 Nf6 3.e5 Nd5 4.d4 cxd4 5.Nf3 Nc6 6.Bc4 Nb6 7.Bb3 d5 8.cxd4 Bg4
9.Be3 e6 10.O-O Be7 11.Nc3 O-O 12.h3 Bf5 13.Qe2 Na5 14.Nd2 Rc8 15.f4 Bg6
16.g4 Qd7 17.Qf3 f5 18.exf6 Rxf6 19.Qg3 Nac4 20.Bxc4 Nxc4 21.Nxc4 dxc4 22.d5 Bd3
23.dxe6 Rxe6 24.Rfe1 b5 25.a3 a5 26.Nd1 Bf6 27.g5 Bd4 28.Bxd4 Qxd4+ 29.Nf2 Rce8  0-1

[Event "zt 3.2a"]
[Site "Ho Chi Minh City VIE"]
[Date "2003.06.29"]
[Round "9"]
[White "Antonio,R"]
[Black "Wu Shaobin"]
[Result "1/2-1/2"]
[WhiteElo "2521"]
[BlackElo "2531"]

1.e4 c5 2.c3 Nf6 3.e5 Nd5 4.d4 cxd4 5.Nf3 Nc6 6.Bc4 Nb6 7.Bb3 d5 8.exd6 Qxd6
9.Na3 a6 10.O-O Bf5 11.Nxd4 Nxd4 12.cxd4 e6 13.Qf3 Qd7 14.Nc2 Bd6 15.Ne3 Bg6
16.Bd2 O-O 17.a4 a5 18.h4 h5 19.Rfd1 Rfd8 20.g4 hxg4 21.Nxg4 Qc6 22.d5 exd5
23.h5 Be4 24.Qh3 Bf8 25.Qg3 Kh7 26.Bc3 Rd6 27.Re1 Nc4 28.Qf4 f5 29.Bxc4 dxc4
30.Ne5 Qd5 31.f3 Bd3 32.Nxd3 Qxd3 33.Rad1 Qxd1 34.Qxf5+ Kg8 35.Rxd1 Rxd1+
36.Kg2 Re8 37.Qb5 Re2+ 38.Kg3 Rg1+ 39.Kf4 Re7 40.Qxa5 Rf7+ 41.Ke3 g6 42.Kf2 Rf5
43.Qxf5 gxf5 44.Kxg1 Kh7 45.Kf2 Bc5+ 46.Ke2 Kh6 47.Kd2 Kxh5 48.Be5 Bb4+ 49.Ke3 Bc5+
50.Bd4 Bd6 51.Bc3 Kg5  1/2-1/2

[Event "2nd Open"]
[Site "La Fere FRA"]
[Date "2003.06.30"]
[Round "4"]
[White "Afek,Y"]
[Black "Vanderstricht,G"]
[Result "1/2-1/2"]
[WhiteElo "2382"]
[BlackElo "2397"]

1.e4 c5 2.c3 Nf6 3.e5 Nd5 4.Nf3 e6 5.d4 cxd4 6.cxd4 b6 7.Nc3 Nxc3 8.bxc3 Qc7
9.Bd2 Bb7 10.Bd3 d6 11.O-O Nd7 12.Ng5 dxe5 13.Qh5 g6 14.Qh3 Be7 15.Qh6 Bf8
16.Qh3 Be7 17.Qh6 Bf8  1/2-1/2

[Event "White Nights"]
[Site "St Petersburg RUS"]
[Date "2003.07.03"]
[Round "5"]
[White "Feoktistov,A"]
[Black "Yandarbiev,R"]
[Result "0-1"]
[WhiteElo "2414"]
[BlackElo "2391"]

1.e4 c5 2.c3 Nf6 3.e5 Nd5 4.d4 cxd4 5.cxd4 d6 6.Nf3 Nc6 7.Bc4 Nb6 8.Bb5 dxe5
9.Nxe5 Bd7 10.Nc3 Nxe5 11.dxe5 Bxb5 12.Nxb5 Qxd1+ 13.Kxd1 Nd5 14.Ke2 e6 15.Rd1 Bc5
16.Bg5 O-O 17.Rac1 b6 18.Nc3 f6 19.exf6 gxf6 20.Bh6 Rfe8 21.Nxd5 exd5+ 22.Kf3 Rad8
23.b4 Bxb4 24.Rd4 Re4 25.Rxd5 Rxd5 26.Kxe4 Re5+ 27.Kd3 Bc5 28.Rc4 Kf7 29.f3 Ke6
30.g4 f5 31.h3 Re1 32.Rc1 Rxc1 33.Bxc1 b5 34.Bd2 Bb6 35.Bc3 Bd8 36.Ke3 a5
37.Kf4 fxg4 38.hxg4 Kd5 39.g5 b4 40.Bb2 a4 41.Kg4 a3 42.Bxa3 bxa3 43.f4 Bb6
44.f5 Bd4 45.Kh5 Bg7 46.f6 Bf8 47.g6 hxg6+ 48.Kxg6 Kc4  0-1

[Event "FSIM July"]
[Site "Budapest HUN"]
[Date "2003.07.06"]
[Round "2"]
[White "Ragger,M"]
[Black "Farago,S"]
[Result "1-0"]
[WhiteElo "2347"]
[BlackElo "2319"]

1.e4 c5 2.c3 Nf6 3.e5 Nd5 4.Nf3 Nc6 5.Bc4 e6 6.O-O Be7 7.d4 cxd4 8.cxd4 d6
9.Qe2 Nb6 10.Bb3 O-O 11.Rd1 d5 12.Bf4 a5 13.a4 Nb4 14.Na3 Bd7 15.Nc2 Bc6
16.Ne3 Qd7 17.Bg5 Bxg5 18.Nxg5 f6 19.exf6 gxf6 20.Nh3 Rae8 21.Qg4+ Kh8 22.Nf4 Qf7
23.Nc2 Rg8 24.Qh5 Qxh5 25.Nxh5 Rg5 26.Nxf6 Rf8 27.Nxb4 axb4 28.h4 Rf5 29.Ng4 Nc4
30.Bxc4 dxc4 31.Rd2 Ra5 32.Ne5 Bd5 33.Nd7 Rc8 34.Rc1 b3 35.f4 Rc7 36.Nc5 Rf7
37.Re2 Rxf4 38.Nxe6 Bxe6 39.Rxe6 Rxd4 40.Re7 Rxh4 41.Rd1 Rg4 42.Rd8+ Rg8
43.Rdd7 Rh5 44.Rxb7 Ra8 45.Rec7 Rh4 46.a5 Rg4 47.Rxh7+ Kg8 48.Rhc7 Rf4 49.g3 Rf3
50.Kg2 Rf6 51.Rxc4 Rxa5 52.Rc8+ Rf8 53.Rxf8+ Kxf8 54.Rxb3 Ke7 55.Rb6 Ke8
56.g4 Kd7 57.Kg3 Kc7 58.Re6 Rb5 59.Re2 Kd7 60.Kh4 Rb8 61.g5 Rh8+ 62.Kg4 Rg8
63.Kh5 Rh8+ 64.Kg6 Rg8+ 65.Kf6 Rf8+ 66.Kg7 Rf3 67.g6 Rf1 68.Kg8 Rf6 69.g7 Rf1
70.Rh2 Ke7 71.Kh8  1-0

[Event "31st World Open"]
[Site "Philadelphia USA"]
[Date "2003.07.06"]
[Round "8"]
[White "Ciuca,E"]
[Black "De Fotis,Ga"]
[Result "1-0"]
[WhiteElo "2066"]
[BlackElo "2222"]

1.e4 c5 2.c3 Nf6 3.e5 Nd5 4.d4 cxd4 5.Nf3 Nc6 6.Bc4 Nb6 7.Bb3 d5 8.exd6 Qxd6
9.O-O Be6 10.cxd4 Bxb3 11.axb3 e6 12.Nc3 Be7 13.Be3 O-O 14.Qb1 Rfd8 15.Rd1 h6
16.Qe4 Nd5 17.Ra4 a6 18.Rda1 Rac8 19.Qg4 Nf6 20.Qh3 Bf8 21.Rd1 Nb4 22.g4 Nbd5
23.g5 hxg5 24.Nxg5 Rxc3 25.bxc3 Nxc3 26.d5 Nxa4 27.Rd4 g6 28.dxe6 Qxd4 29.Bxd4 Rxd4
30.exf7+ Kg7 31.Ne6+ Kxf7 32.Nxd4 Nc5 33.Qc8 Nd5 34.Qd8 Nb4 35.Qa5 Ne6 36.Nxe6 Kxe6
37.Qb6+ Bd6 38.Qxb7 Be7 39.Qe4+ Kf6 40.Kg2 Kf7 41.Kg3 Bf8 42.Qf4+ Kg7 43.Qe5+ Kf7
44.Qe4 Kg7 45.Qe2 Kf6 46.h4 Kf7 47.h5 gxh5 48.Qxh5+  1-0

[Event "White Nights"]
[Site "St Petersburg RUS"]
[Date "2003.07.06"]
[Round "8"]
[White "Sivokho,S"]
[Black "Sergeev,Ve"]
[Result "1-0"]
[WhiteElo "2494"]
[BlackElo "2426"]

1.e4 c5 2.c3 Nf6 3.e5 Nd5 4.g3 d6 5.exd6 e6 6.Bg2 Bxd6 7.Nf3 Nc6 8.O-O O-O
9.d4 c4 10.Qe2 Na5 11.Nbd2 Qc7 12.Ne4 Be7 13.Re1 Bd7 14.Ne5 b5 15.Bg5 Nc6
16.Bxe7 Ncxe7 17.Nc5 Bc6 18.a3 a6 19.h4 Ra7 20.a4 Be8 21.Ra2 Nb6 22.axb5 axb5
23.Rea1 Rxa2 24.Rxa2 Ned5 25.Bh3 Kh8 26.Qf3 Rg8 27.Ra5 Na4 28.Rxb5 Nxc5 29.Rxc5 Qa7
30.Nxc4  1-0

[Event "1st Stage Russian Cup"]
[Site "Tomsk RUS"]
[Date "2003.07.06"]
[Round "3"]
[White "Lavrov,Ma"]
[Black "Yakovlev,M"]
[Result "0-1"]
[WhiteElo "2370"]
[BlackElo "2176"]

1.e4 c5 2.c3 Nf6 3.e5 Nd5 4.Nf3 Nc6 5.d4 cxd4 6.Bc4 Nb6 7.Bb3 d5 8.exd6 Qxd6
9.O-O Be6 10.Na3 a6 11.Bxe6 Qxe6 12.Nxd4 Nxd4 13.Qxd4 Rd8 14.Qh4 h5 15.Be3 Nd5
16.Qa4+ Qd7 17.Qb3 Nxe3 18.fxe3 Qd5 19.Qa4+ Qd7 20.Qf4 f6 21.Nc4 e5 22.Qe4 Qd3
23.Qxd3 Rxd3 24.Rad1 Rd7 25.Kf2 Rc7 26.Nd6+ Bxd6 27.Rxd6 Rd7 28.Rfd1 Rxd6
29.Rxd6 Ke7 30.Rb6 Rb8 31.Kf3 Kd7 32.Ke4 Kc7 33.Re6 Kd7 34.Kd5 Rh8 35.c4 h4
36.c5 Rh5 37.Rd6+ Kc7 38.Ke4 Rg5 39.Rd2 Kc6 40.Rc2 g6  0-1

[Event "25th Open"]
[Site "Oberwart AUT"]
[Date "2003.07.08"]
[Round "4"]
[White "Neubauer,M"]
[Black "Pavlovic,Mi1"]
[Result "1/2-1/2"]
[WhiteElo "2417"]
[BlackElo "2569"]

1.e4 c5 2.c3 Nf6 3.e5 Nd5 4.d4 cxd4 5.Nf3 e6 6.cxd4 d6 7.Bc4 Be7 8.O-O O-O
9.Re1 Nc6 10.exd6 Qxd6 11.Nc3 Nxc3 12.bxc3 b6 13.Ng5 Bxg5 14.Bxg5 h6 15.Be3 Ne7
16.Bd3 Bb7 17.Bd2 Rac8 18.Qg4 Kh8 19.Re5 Ng8 20.Rae1 Qa3 21.Rh5 f5 22.Qe2 Qxa2
23.Rh3 Nf6 24.c4 Be4 25.Bc3 Qxe2 26.Bxe2 Bb7 27.Ba1 Ba6 28.Rc1 Rc7 29.Ra3 Bb5
30.Rac3 Bd7 31.Rd1 Rfc8 32.Ra3 a5 33.h3 a4 34.Rb1 b5 35.cxb5 Rc1+ 36.Rxc1 Rxc1+
37.Kh2 Rb1 38.Rxa4 Bxb5 39.Bxb5 Rxb5 40.Ra6 Rb1 41.d5 Nxd5 42.Ra8+ Kh7 43.Ra7 Rxa1
44.Rxa1 Kg6 45.g3 Kf6 46.f4 g5 47.Ra4 Nc3 48.Rc4 Nd5 49.Rd4 Nc3 50.Kg2 Ne4
51.Rd8 Kg6 52.Kf3 h5 53.Rg8+ Kf7 54.Rh8 Kg6 55.Kg2 g4 56.h4 Nf6 57.Ra8 Ne4
58.Ra3 Kf6 59.Rb3 Kf7 60.Rb7+ Kf6 61.Ra7 Kg6 62.Rd7 Kf6 63.Rd3 Kf7 64.Kf1 Kf6
65.Ra3 Kf7 66.Ke2 Kf6 67.Re3 Nc5 68.Kd2 Nd7 69.Rc3 Nb6 70.Kd3 Nd5 71.Ra3 Nb4+
72.Kc4 Nc2 73.Ra8 Ne3+ 74.Kd4 Nf1 75.Ra3 Nd2 76.Re3 Nf3+ 77.Kc5 Nd2 78.Kc6 Ne4
79.Ra3 Ke7 80.Ra7+ Kf6 81.Ra3 Ke7 82.Ra7+ Kf6 83.Ra3  1/2-1/2